Statistics for US States by Average Temperature

Click here to take the quiz!

General Stats

  • This quiz has been taken 739 times
  • The average score is 5 of 50

Answer Stats

°FState°C% Correct
71.5Florida21.9
95%
70.2Hawaii21.2
82%
67.2Louisiana19.6
54%
65.8Texas18.8
45%
28.1Alaska-2.2
29%
64.3Georgia17.9
26%
63.7Alabama17.6
21%
64.3Mississippi17.9
21%
61.1Arizona16.2
15%
63.4South Carolina17.4
10%
41.1North Dakota5.1
8%
41.8Minnesota5.4
7%
61.1Arkansas16.2
5%
59.1California15.1
4%
41.9Maine5.5
4%
54.5New Mexico12.5
3%
42.6Montana5.9
2%
51.1Nevada10.6
2%
59.6North Carolina15.3
2%
60.4Oklahoma15.8
2%
58.5Tennessee14.7
2%
56.3Delaware13.5
1%
55.1Kansas12.8
1%
56.4Kentucky13.6
1%
55.5Maryland13.1
1%
48.9Massachusetts9.4
1%
55.3Missouri12.9
1%
44.2New Hampshire6.8
1%
45.8South Dakota7.7
1%
43.2Vermont6.2
1%
56.1Virginia13.4
1%
47.4Washington8.6
1%
44Wisconsin6.7
1%
42.3Wyoming5.7
1%
46.3Colorado7.9
0%
50Connecticut10.0
0%
44Idaho6.7
0%
52.7Illinois11.5
0%
52.5Indiana11.4
0%
48.4Iowa9.1
0%
45.3Michigan7.4
0%
49.5Nebraska9.7
0%
53.6New Jersey12.0
0%
46.1New York7.8
0%
51.8Ohio11.0
0%
48Oregon8.9
0%
49.6Pennsylvania9.8
0%
50.8Rhode Island10.4
0%
49.3Utah9.6
0%
52.7West Virginia11.5
0%

Score Distribution

Percentile by Number Answered

Percent of People with Each Score

Your Score History

You have not taken this quiz